Estudio comparativo del sistema de lavado integral como alternativa al sistema de reciclaje actual de cajas en NUPAC

Na minha lista:
Detalhes bibliográficos
Autor principal: Sancho Morera, Sandra María
Formato: Livro
Publicado em: San José, C.R. 1999
Assuntos:
Tags: Adicionar Tag
Sem tags, seja o primeiro a adicionar uma tag!

MARC

LEADER 00000nam a2200000Ia 4500
003 010158
005 20221231144209.0
008 140114s1999 cr a m 000 ||s d
040 |c cru CEDI 
090 |a TFG 4145 
100 |a Sancho Morera, Sandra María  |9 8211 
245 |a Estudio comparativo del sistema de lavado integral como alternativa al sistema de reciclaje actual de cajas en NUPAC  
260 |c 1999  |a  San José, C.R. 
300 |a  xi, 76 hojas  
500 |a  Proyecto de graduación (licenciatura en ingeniería química)--Universidad de Costa Rica. Facultad de Ingeniería. Escuela de Ingeniería Química 
650 |x APROVECHAMIENTO DE RESIDUOS   |x POLIETILENO   |x LAVADO  |9 8212 
942 |c TFG 
999 |c 18299  |d 18299